<?xml version="1.0" encoding="UTF-8"?>
<collection xmlns="http://www.loc.gov/MARC21/slim">
 <record>
  <leader>01551nam a2200181Ia 4500</leader>
  <controlfield tag="001">CTU_18647</controlfield>
  <controlfield tag="008">210402s9999    xx            000 0 und d</controlfield>
  <datafield tag="082" ind1=" " ind2=" ">
   <subfield code="a">784.5400321</subfield>
  </datafield>
  <datafield tag="082" ind1=" " ind2=" ">
   <subfield code="b">P227</subfield>
  </datafield>
  <datafield tag="245" ind1=" " ind2="4">
   <subfield code="a">The RollingStone encyclopedia of rock and roll</subfield>
  </datafield>
  <datafield tag="260" ind1=" " ind2=" ">
   <subfield code="a">New York</subfield>
  </datafield>
  <datafield tag="260" ind1=" " ind2=" ">
   <subfield code="b">Fireside</subfield>
  </datafield>
  <datafield tag="260" ind1=" " ind2=" ">
   <subfield code="c">1983</subfield>
  </datafield>
  <datafield tag="520" ind1=" " ind2=" ">
   <subfield code="a">The book includes over 1300 alphabetically listed entries, each of which contains basic biographical information as well as facts on group personnel and changes, album release dates, and an essay covering a performer's childhood, musical influences, first breaks, critical and commercial hits and misses, and information on his or her place in rock history; the first discography/personnel chronologies for group; information on singles and album, including Billboard chart positions and the Recording industry Association of America's gold and platinum certifications; more traditional, folk, country, pop, R&amp;B and jazz Grammy awards through 1982; 150 historical photos; essays on African pop, studio technology, the evolution of reggae, and historical subjects such as rock on television, rock festivals, a list of the best-known one-hit wonders, rock and radio, rock dancing and more; definitions of 34 important musical terms, genres or phenomena from a capella and doo-wop to heavy metal, from the sound of New Orleans to disco, from new wave to no wave</subfield>
  </datafield>
  <datafield tag="650" ind1=" " ind2=" ">
   <subfield code="a">rock music,rock music</subfield>
  </datafield>
  <datafield tag="650" ind1=" " ind2=" ">
   <subfield code="x">bibliography,dictionaries</subfield>
  </datafield>
  <datafield tag="904" ind1=" " ind2=" ">
   <subfield code="i">Minh, 970923</subfield>
  </datafield>
  <datafield tag="980" ind1=" " ind2=" ">
   <subfield code="a">Trung tâm Học liệu Trường Đại học Cần Thơ</subfield>
  </datafield>
 </record>
</collection>
